| LEADER 01174nam 2200277 a 4500 |
| 001 12334107270 |
| 003 ULIB |
| 008 030417s2550 th a sb 001 0 tha |
| 020 ^a9749930485
|
| 060 4 ^aWM100^bจ464 2550
|
| 100 0 ^a
|
| 245 ^aจิตเวชศาสตร์รามาธิบดี /^cบรรณาธิการ มาโนช หล่อตระกูล, ปราโมทย์ สุคนิชย์
|
| 250 ^aพิมพ์ครั้งที่ 2
|
| 260 ^aกรุงเทพฯ :^bภาควิชาจิตเวชศาสตร์ คณะแพทยศาสตร์โรงพยาบาลรามาธิบดี มหาวิทยาลัยมหิดล,^c2550
|
| 300 ^a510 หน้า :^bภาพประกอบ
|
| 650 7 ^aจิตเวชศาสตร์
|
| 700 0 ^aมาโนช หล่อตระกูล,^บรรณาธิการ
|
| 700 0 ^aปราโมทย์ สุคนิชย์,^บรรณาธิการ
|
| 710 2 ^aมหาวิทยาลัยมหิดล.^bคณะแพทยศาสตร์โรงพยาบาลรามาธิบดี.^bภาควิชาจิตเวชศาสตร์
|
| 913 ^aImported by ULIBM Administrator
|
| 949 ^aImport form external file by ULIBM system
|
| 999 ^aสุณิสา
|